Ľahký priemysel poskytuje investičné príležitosti

Analýza sklárskeho, textilného a odevného priemyslu v SR. Zisk, vývoz, akcie. Tieto odvetvia majú z hľadiska investícií dobrú perspektívu. Výsledky činnosti podnikov Ozeta Trenčín, LR Crystal Lednické Rovne a Merina Trenčín za r. 1994. Investorské ukazovatele.

Saved in:
Bibliographic Details
Main Author: Grančič, P.
Other Authors: Lukáč, J.
Format: Book Chapter
Language:Slovak
Subjects:
Tags: Add Tag
No Tags, Be the first to tag this record!

MARC

LEADER 00000naa a2200000 4500
001 r019086
005 20221205103007.9
041 0 |a slo 
044 |a SK 
245 1 0 |a Ľahký priemysel poskytuje investičné príležitosti  |c P. Grančič, J. Lukáč 
520 |a Analýza sklárskeho, textilného a odevného priemyslu v SR. Zisk, vývoz, akcie. Tieto odvetvia majú z hľadiska investícií dobrú perspektívu. Výsledky činnosti podnikov Ozeta Trenčín, LR Crystal Lednické Rovne a Merina Trenčín za r. 1994. Investorské ukazovatele. 
610 2 0 |a Slovensko 
610 2 0 |a priemysel ľahký 
610 2 0 |a priemysel 
610 2 0 |a trh kapitálový 
610 2 0 |a údaje štatistické 
610 2 0 |a investovanie 
610 2 0 |a akcie 
610 2 0 |a vývoj hospodársky 
610 2 0 |a Ozeta, a.s. Trenčín 
610 2 0 |a LR Crystal, a.s. Lednické Rovne 
610 2 0 |a Merina, a.s. Trenčín 
610 2 0 |a 1994 
100 1 |a Grančič, P. 
700 1 |a Lukáč, J.